000 00527nam a2200193Ia 4500
005 20250423101127.0
008 250422s9999 xx 000 0 und d
020 _a9788131244616
050 _aQR 46 .P37/
100 _aParija, Subhash Chandra
245 0 _aTextbook of microbiology and immunology
250 _a3rd ed.
260 _aNew Delhi
260 _bElsevier
260 _c2016
300 _a670 p
650 _a Medical microbiology--Outlines, syllabi, etc. Immunology--Outlines, syllabi, etc.
942 _cBK
999 _c35368
_d35368